<?xml version="1.0" encoding="UTF-8"?>
<record
    xmlns:xsi="http://www.w3.org/2001/XMLSchema-instance"
    xsi:schemaLocation="http://www.loc.gov/MARC21/slim http://www.loc.gov/standards/marcxml/schema/MARC21slim.xsd"
    xmlns="http://www.loc.gov/MARC21/slim">

  <leader>00754nam a2200217Ia 4500</leader>
  <controlfield tag="003">GCL</controlfield>
  <controlfield tag="008">140319s9999    xx            000 0 ara d</controlfield>
  <datafield tag="040" ind1=" " ind2=" ">
    <subfield code="a">GCL / </subfield>
    <subfield code="c">GCL</subfield>
  </datafield>
  <datafield tag="082" ind1="0" ind2="4">
    <subfield code="a">842.051</subfield>
    <subfield code="b">&#x62C; &#x630;</subfield>
  </datafield>
  <datafield tag="100" ind1="1" ind2=" ">
    <subfield code="a">&#x641;&#x624;&#x627;&#x62F; &#x643;&#x627;&#x645;&#x644; (&#x645;&#x62A;&#x631;&#x62C;&#x645;)</subfield>
  </datafield>
  <datafield tag="245" ind1="1" ind2="0">
    <subfield code="a">&#x627;&#x644;&#x630;&#x628;&#x627;&#x628;: &#x62F;&#x631;&#x627;&#x645;&#x627; &#x641;&#x649; &#x62B;&#x644;&#x627;&#x62B; &#x641;&#x635;&#x648;&#x644; (&#x647;&#x62F;&#x64A;&#x629; &#x645;&#x646; &#x627;&#x644;&#x627;&#x62F;&#x64A;&#x628; &#x639;&#x628;&#x62F;&#x627;&#x644;&#x641;&#x62A;&#x627;&#x62D; &#x627;&#x644;&#x62C;&#x645;&#x644;) / </subfield>
    <subfield code="c">&#x641;&#x624;&#x627;&#x62F; &#x643;&#x627;&#x645;&#x644; (&#x645;&#x62A;&#x631;&#x62C;&#x645;)</subfield>
  </datafield>
  <datafield tag="700" ind1="1" ind2=" ">
    <subfield code="a">&#x635;&#x644;&#x627;&#x62D; &#x639;&#x632;&#x627;&#x644;&#x62F;&#x64A;&#x646; (&#x645;&#x62A;&#x631;&#x62C;&#x645;)</subfield>
  </datafield>
  <datafield tag="700" ind1="1" ind2=" ">
    <subfield code="a">&#x633;&#x627;&#x631;&#x62A;&#x631; &#x60C; &#x62C;&#x627;&#x646; &#x628;&#x648;&#x644;</subfield>
  </datafield>
  <datafield tag="300" ind1=" " ind2=" ">
    <subfield code="a">98 &#x635;</subfield>
  </datafield>
  <datafield tag="490" ind1=" " ind2=" ">
    <subfield code="a">&#x643;&#x62A;&#x628; &#x62B;&#x642;&#x627;&#x641;&#x64A;&#x629;</subfield>
    <subfield code="v">0</subfield>
  </datafield>
  <datafield tag="650" ind1="0" ind2="4">
    <subfield code="a">&#x627;&#x644;&#x627;&#x62F;&#x628; &#x627;&#x644;&#x641;&#x631;&#x646;&#x633;&#x649;</subfield>
  </datafield>
  <datafield tag="650" ind1="0" ind2="4">
    <subfield code="a">&#x627;&#x644;&#x648;&#x62C;&#x648;&#x62F;&#x64A;&#x629;</subfield>
  </datafield>
  <datafield tag="650" ind1="0" ind2="4">
    <subfield code="a">&#x627;&#x644;&#x645;&#x633;&#x631;&#x62D;&#x64A;&#x627;&#x62A; &#x627;&#x644;&#x641;&#x631;&#x646;&#x633;&#x64A;&#x629;</subfield>
  </datafield>
  <datafield tag="650" ind1="0" ind2="4">
    <subfield code="a">&#x627;&#x644;&#x627;&#x62F;&#x628; &#x627;&#x644;&#x641;&#x631;&#x646;&#x633;&#x649; &#x627;&#x644;&#x645;&#x62A;&#x631;&#x62C;&#x645;</subfield>
  </datafield>
  <datafield tag="942" ind1=" " ind2=" ">
    <subfield code="2">ddc</subfield>
    <subfield code="c">BK</subfield>
  </datafield>
  <datafield tag="999" ind1=" " ind2=" ">
    <subfield code="c">38122</subfield>
    <subfield code="d">38122</subfield>
  </datafield>
  <datafield tag="952" ind1=" " ind2=" ">
    <subfield code="0">0</subfield>
    <subfield code="1">0</subfield>
    <subfield code="4">0</subfield>
    <subfield code="7">0</subfield>
    <subfield code="a">CAI</subfield>
    <subfield code="b">CAI</subfield>
    <subfield code="d">2014-03-26</subfield>
    <subfield code="l">0</subfield>
    <subfield code="o">842.051\&#x62C; &#x630;</subfield>
    <subfield code="p">93112</subfield>
    <subfield code="r">2014-03-26 00:00:00</subfield>
    <subfield code="w">2014-03-26</subfield>
    <subfield code="y">BK</subfield>
  </datafield>
</record>
